Countries of Europe by Picture Hard Version - Statistics

General Stats
  • This quiz has been taken 20 times
  • The average score is 7 of 20
Answer Stats
Picture Answer % Correct
Croatia
94%
Bosnia and Herzegovina
88%
Vatican City
65%
Monaco
59%
Andorra
53%
San Marino
47%
Latvia
41%
Albania
35%
Estonia
35%
Belarus
29%
Lithuania
24%
Slovakia
24%
Montenegro
18%
Cyprus
12%
Kosovo
12%
Liechtenstein
12%
Luxembourg
12%
Macedonia
12%
Bulgaria
6%
Serbia
0%
No matching quizzes found
Score Distribution
Percent of People with Each Score
Percentile by Number Answered
Your Score History
You have not taken this quiz